Sweetness and power : (Record no. 4541)

MARC details
000 -LEADER
fixed length control field 00811pam a2200241 4500
001 - CONTROL NUMBER
control field 5406
005 - DATE AND TIME OF LATEST TRANSACTION
control field 20190415114821.0
008 - FIXED-LENGTH DATA ELEMENTS--GENERAL INFORMATION
fixed length control field 190415b ||||| |||| 00| 0 eng d
010 ## - LIBRARY OF CONGRESS CONTROL NUMBER
LC control number 86000781
020 ## - INTERNATIONAL STANDARD BOOK NUMBER
International Standard Book Number 0140092331 (pbk.)
082 00 - DEWEY DECIMAL CLASSIFICATION NUMBER
Classification number 306 M667s 1986
Edition number 19
100 1# - MAIN ENTRY--PERSONAL NAME
Personal name Mintz, Sidney W.
Fuller form of name (Sidney Wilfred),
Dates associated with a name 1922-2015.
245 10 - TITLE STATEMENT
Title Sweetness and power :
Remainder of title the place of sugar in modern history /
Statement of responsibility, etc. Sidney W. Mintz.
260 ## - PUBLICATION, DISTRIBUTION, ETC.
Place of publication, distribution, etc. New York :
Name of publisher, distributor, etc. Penguin Books,
Date of publication, distribution, etc. 1986, c1985.
300 ## - PHYSICAL DESCRIPTION
Extent xxx, 274 p., [12] p. of plates :
Other physical details ill. ;
Dimensions 20 cm.
500 ## - GENERAL NOTE
General note ""Elisabeth Sifton books.""
General note Includes index.
504 ## - BIBLIOGRAPHY, ETC. NOTE
Bibliography, etc. note Bibliography: p. [215]-227.
650 #0 - SUBJECT ADDED ENTRY--TOPICAL TERM
Topical term or geographic name entry element Sugar
General subdivision Social aspects
-- History.
Topical term or geographic name entry element Sugar trade
General subdivision Social aspects
-- History.
942 ## - ADDED ENTRY ELEMENTS (KOHA)
Source of classification or shelving scheme Dewey Decimal Classification
Koha item type Main
Holdings
Withdrawn status Lost status Source of classification or shelving scheme Damaged status Not for loan Collection code Home library Current library Shelving location Date acquired Serial Enumeration / chronology Inventory number Total Checkouts Full call number Barcode Date last seen Date last checked out Price effective from Koha item type
    Dewey Decimal Classification     Main TEST RTC Library RTC Library Main opac 01/03/2021 8740 1 306 MIN 30008767 11/03/2021 17/02/2021 27/11/2018 Main
Royal Thimphu College || All Right Reserved